Psicología, hoy

Đã lưu trong:
Chi tiết về thư mục
Tác giả chính: García Pleyán, Carlos (Tác giả)
Định dạng: Sách
Ngôn ngữ:Tiếng Tây Ban Nha
Được phát hành: Barcelona Teide 1978
Phiên bản:4a. ed
Loạt:Colección hay que saber
Những chủ đề:
Các nhãn: Thêm thẻ
Không có thẻ, Là người đầu tiên thẻ bản ghi này!

MARC

LEADER 00000nam a2200000 a 4500
001 UCY5806
003 CL-VaPUC
008 950512e19780000SP |||||||||||||||||spa|d
082 0 4 |a 150  |b GAR  |2 21 
100 0 |a García Pleyán, Carlos  |e author  |9 335050 
245 1 0 |a Psicología, hoy 
250 |a 4a. ed 
300 |a 182 p 
942 |c BK 
945 |d 19950512 00:00:00  |a cmena 
260 |a Barcelona  |b Teide  |c 1978 
650 0 |a Psicología   |9 257863 
650 0 |a Historia  |9 255047 
650 7 |a PSICOFISICA  |2 CL-VaPUC  |9 335051 
650 7 |a FISIOLOGIA  |2 CL-VaPUC  |9 335052 
650 0 |a Psicoanálisis   |9 265702 
650 7 |a PSICOLOGIA GENETICA  |2 CL-VaPUC  |9 308771 
650 0 |a Psicología social   |9 222894 
650 0 |a Psicometría  |9 260694 
650 0 |a Pruebas de inteligencia  |9 307461 
650 0 |a Personalidad   |9 307255 
583 |a last modification  |c 19950512 00:00:00  |k Rodrigo Vera 
490 0 |a Colección hay que saber 
999 |c 233416  |d 233414 
952 |0 0  |1 0  |4 0  |6 150_000000000000000_GAR_1978  |7 0  |8 P  |9 238951  |a BIBEDU  |b BIBEDU  |c BIBEDU_PB  |d 2019-11-18  |i 150407K  |o 150 GAR 1978  |p 150407K  |r 2024-01-25  |w 2019-11-18  |y BK  |k EDU